00647nab a2200205 uc450000100070000000500170000700800410002403500110006503500210007604000130009704100080011010000380011824500670015665000450022365000310026865000170029977300980031694200100041499900170042422841520240201130246.0980708e19970601 spa  a228415 a(OCoLC)819763907 ccomduadb aspa10aCortes, Eugenio4auteaut949547114aLas ayudas europeas para I+D. Pero.. Son realmente asequibles? 7aInvestigación científica2lemb94653 aAyuda al desarrollo919674 aEuropa953520 tMundo Electrónico (Barcelona)gNúmero 278, Junio 1997, p. 34-38w107541x0300-3787089805 cARIMP c97246d97246